Normal view
MARC view
Entry Geographic Name
001 - CONTROL NUMBER
- control field: 3801
003 - CONTROL NUMBER IDENTIFIER
- control field: ARRUPE
005 - DATE AND TIME OF LATEST TRANSACTION
- control field: 20131126112932.0
008 - FIXED-LENGTH DATA ELEMENTS
- fixed length control field: 131126|| aca||aabn | a|a d
040 ## - CATALOGING SOURCE
- Original cataloging agency: ARRUPE
- Transcribing agency: ARRUPE
151 ## - HEADING--GEOGRAPHIC NAME
- Geographic name: Rwanda
- General subdivision: Civilization.
670 ## - SOURCE DATA FOUND
- Source citation: Work cat.: (ARRUPE)0: Adekunle, Julius. 3799, Culture and customs of Rwanda /, 2007.